|
|
|
|
| LEADER |
00680nam a22001697a 4500 |
| 008 |
130928b xxu||||| |||| 00| 0 eng d |
| 999 |
|
|
|c 3789
|d 3789
|
| 020 |
|
|
|a 9788171568994
|
| 082 |
|
|
|a 823.09
|b DES
|
| 245 |
|
|
|a The novels of Anitha Desai :
|b Acritical study /
|c edited by Manmohan K. Bhatnagar and M. Rajeshwar
|
| 260 |
|
|
|a New Delhi :
|b Atlantic Publishers & Distributers,
|c 2013.
|
| 300 |
|
|
|a 280p.
|
| 650 |
|
|
|a Study
|
| 700 |
|
|
|a Bhatnagar, Manmohan K.
|e editor.
|
| 700 |
|
|
|a Rajeshwar, M
|e editor.
|
| 942 |
|
|
|2 ddc
|c BK
|
| 952 |
|
|
|0 0
|1 0
|2 ddc
|4 0
|6 823_090000000000000_DES
|7 0
|9 4520
|a MAIN
|b MAIN
|d 2013-09-28
|e Mathrubhumi Books
|g 695.00
|l 1
|o 823.09 DES
|p 4667
|r 2013-12-28
|s 2013-12-24
|w 2013-09-28
|y BK
|